00890nam a22001817a 45000010005000000030006000050050017000110080041000280200018000690400029000870820013001161000022001292450086001512500025002372600051002623000043003135200352003565692FISKH20250114102941.0250114b cb ||||| |||| 00| 0 eng d a9780199126712 aFISKHbengcFISKHdFISKH a428.0071 aMertin, Patricia  aOxford English: An International Approach Teacher's Guide 4 /cby Patricia Mertin aFirst published 2010 aOxford : bOxford University Press ; c2010 .  a64 pages : billustrations ;c30 cm .  aProviding methodology, templates, lesson ideas and a CD with listening material, this teachers' guide will assist the day to day planning of English for students aged 11-16 of all abilities. Each guide contains lesson ideas, rubrics for the writing assignments, full answers to the studentbook and workbook as well as a CD packed full of extracts.